|
|
|
|
| LEADER |
00000nam0a2200000 4500 |
| 001 |
43242 |
| 005 |
20231101210814.0 |
| 035 |
|
|
|a (RuTPU)RU\TPU\book\44690
|
| 090 |
|
|
|a 43242
|
| 100 |
|
|
|a 20021002d1981 m y0rusy50 ca
|
| 101 |
0 |
|
|a rus
|
| 102 |
|
|
|a RU
|
| 105 |
|
|
|a a z 001zy
|
| 200 |
1 |
|
|a Методы оптимизации режимов энергосистем
|f под ред. В. М. Горнштейна
|
| 210 |
|
|
|a Москва
|c Энергоиздат
|d 1981
|
| 215 |
|
|
|a 336 с.
|c ил.
|
| 320 |
|
|
|a Библиогр.: с. 320-323.
|
| 330 |
|
|
|a В книге рассматриваются методы расчетов оптимальных краткосрочных режимов энергосистем, положенные в основу разработки программе оптимизации режимов, вошедших в состав отраслевой автоматизированной системы управления «Энергия» для организации АСДУ. Эти методы охватывают широкий круг задач разработки оптимальных режимов отдельных электростанций, установившихся и оптимальных режимов электрических сетей, а также оптимальных режимов ЕЭС СССР в целом, объединенных энергосистем и отдельных энергосистем с учетом иерархической структуры диспетчерского управления. Книга рассчитана на инженерно-технических и научных работников, занимающихся вопросами управления режимами энергосистем, а также студентов старших курсов втузов.
|
| 606 |
1 |
|
|a Электрические системы
|x Режим работы
|2 stltpush
|3 (RuTPU)RU\TPU\subj\27586
|9 51314
|
| 610 |
1 |
|
|a энергосистемы
|
| 610 |
1 |
|
|a расчет
|
| 610 |
1 |
|
|a режимы
|
| 610 |
1 |
|
|a методы
|
| 610 |
1 |
|
|a оптимизация
|
| 675 |
|
|
|a 621.311.004.13
|v 3
|
| 702 |
|
1 |
|a Горнштейн
|b В. М.
|g Валентин Моисеевич
|4 340
|
| 801 |
|
1 |
|a RU
|b 63413507
|c 20021002
|g PSBO
|
| 801 |
|
2 |
|a RU
|b 63413507
|c 20220323
|g PSBO
|
| 900 |
|
|
|a Планирование и оптимизация режимов работы энергосистем
|
| 900 |
|
|
|a Автоматизированные системы диспетчерского управления и оптимизация режимов энергосистем
|
| 942 |
|
|
|c BK
|